Normal view
MARC view
- Medical instrumentation
Entry Corporate Name
001 - CONTROL NUMBER
- control field: 131098
003 - CONTROL NUMBER IDENTIFIER
- control field: NUST
005 - DATE AND TIME OF LATEST TRANSACTION
- control field: 20251013102308.0
008 - FIXED-LENGTH DATA ELEMENTS
- fixed length control field: 251013|| aca||aabn | a|a d
040 ## - CATALOGING SOURCE
- Original cataloging agency: NUST
- Transcribing agency: NUST
110 ## - HEADING--CORPORATE NAME
- Corporate name or jurisdiction name as entry element: Medical instrumentation
670 ## - SOURCE DATA FOUND
- Source citation: Work cat.: (NUST)573647: John G Webster 124439, Medical instrumentation, 2017.
